02709cam a2200313 a 45000010008000000030006000080050017000140080041000310100017000720200018000890350016001070400029001230410008001520500023001601000033001832450092002162600052003083000024003605040020003845050604004045201113010086500059021216500028021806500026022086500030022349420008022649520108022729990015023803978191CaAEU20250923095134.0061207s2007 nyu 000 0 eng  a 2006100976 a9781584796022 aocm77048052 aDLCbengcDLCdDLCdAEEN aeng00aTD171.7b.D67 2007 aDorfman, Josh925752eauthor14aThe lazy environmentalistb: your guide to easy, stylish, green livingc/ Josh Dorfman. aNew York, NY :bStewart, Tabori & Chang,c2007. a271 pages ;c21 cm. aIncludes index.0 aFashion first — The great outdoors — The world, it's your oyster — Vehicular inspiration — Keep it moving — Real estate — The green house — More than one way to heat a home — You are what you sit on — Slice it, dice it, serve it — Sleep right — Toilets, tubs, and toothbrushes — Scrub, dust, and wash — The greatest green thumb — Pets are people too — It's never too soon to start — Technological advancement — It's professional — It's your money, use it wisely — Read it only — Eco living 101; programs, classes, and degrees — It's never too late to start. aBut that doesn't mean we don't care passionately about the environment. Luckily, the days when becoming environmentally aware entailed eating bread that tasted like dirt, wearing clothes that looked like frayed burlap sacks, and spending summer vacations assailing whaling ships with Greenpeace are passing away. It is now perfectly possible (and increasingly easy) to be well-fed, well coiffed, well-dressed, and well traveled while remaining deeply committed to an ecologically sustainable lifestyle. In The Lazy Environmentalist, Josh Dorfman, host of the Sirius Satellite Radio program of the same name, provides comprehensive guidance to fashion-forward consumers who are as concerned about the long-term health of our planet as they are about the design of their bathroom fixtures. Covering topics that range from clothing to electronic gadgetry, home decor to recreation, and gardening to financial investment, Dorfman lets us know which trends to watch and which eco-conscious products, cars, toothbrushes, cell phones, pet accessories to buy. Green, it turns out, can be an extremely stylish color. 0aEnvironmental protectionxCitizen participation912144 0aEnvironmentalism912143 0aOrganic living925753 0aSustainable living910807 2lcc 00102lcc4070aTBSbTBSd2025-09-23l1oTD171.7 DORpB07592r2025-12-15s2025-12-03t1w2025-09-23y1 c4976d4976